00895naa a22001937i 4500001000700000003000900007005001700016008004100033040001300074100004100087245018000128504004100308610017100349650001800520650002400538650002600562655001900588773009400607232575ES-MaBCM20260304080752.0260304s2026 sp ||||| |||| 00| 0 spa d cES-MaBCM1 aBellido González Del Campo, Carlos10aEntre la autonomía y la protección :binterpretación del modelo de apoyos de la Ley 8/2021 en la Jurisprudencia del Tribunal SupremocCarlos Bellido González del Campo aIncluye referencias bibliográficas10aEspañat. Ley por la que se reforma la legislación civil y procesal para el apoyo a las personas con discapacidad en el ejercicio de su capacidad jurídica, 2021 7aDiscapacitado 7aAsistencia judicial 7aDerecho a la justicia 4aJurisprudencia0 dLas Rozas, MadridgN. 10895 (3 de marzo de 2026) - Loc. En líneatDiario La Leyw213918